[Event "IECG WC.2005.T.00002 email"]
[White "Pontikis, Asterios"]
[Black "Valderrama, Elmer"]
[Site "IECG email"]
[Round "?"]
[Result "1-0"]
[Date "2004.12.15"]
[WhiteElo "2364"]
[BlackElo "2350"]
[PlyCount "85"]
[EventDate "2004.12.15"]
[EventType "tourn (corr)"]
[EventRounds "10"]
[SourceTitle "Corr 2008"]
[Source "ChessBase"]
[SourceDate "2008.06.24"]
[SourceVersion "1"]
[SourceVersionDate "2008.06.24"]
[SourceQuality "1"]

1. e4 c5 2. Nf3 d6 3. d4 cxd4 4. Nxd4 Nf6 5. Nc3 a6 6. Be3 e6 7. f3 b5 8. g4 b4 9. Nce2 h6 10. Qd2 e5 11. Nb3 d5 12. exd5 Qxd5 13. Qxd5 Nxd5 14. Bf2 a5 15. Ng3 a4 16. Bc4 Bb7 17. Nd2 Nd7 18. 0-0-0 a3 19. Nde4 axb2+ 20. Kxb2 Ra5 21. Rd2 N5b6 22. Bb3 Nc5 23. Rhd1 Nba4+ 24. Kb1 Be7 25. Nxc5 Nxc5 26. Nf5 Bxf3 27. Bxc5 Rxc5 28. Ba4+ Bc6 29. Rd7 Bxd7 30. Rxd7 0-0 31. Rxe7 Rc4 32. Bd7 Rc7 33. Bb5 Rxe7 34. Nxe7+ Kh7 35. Nc6 e4 36. Nxb4 Kg6 37. c4 Kg5 38. Nd5 Kxg4 39. c5 Kf3 40. Bd7 f5 41. c6 f4 42. c7 e3 43. Nb4 1-0

[Event "IECG CM.2004.0.00257 email"]
[White "Dyakov, Alexander V"]
[Black "Pontikis, Asterios"]
[Site "IECG email"]
[Round "?"]
[Result "1/2-1/2"]
[Date "2004.10.10"]
[WhiteElo "2284"]
[BlackElo "2367"]
[PlyCount "82"]
[EventDate "2004.10.10"]
[EventType "tourn (corr)"]
[EventRounds "6"]
[SourceTitle "Corr 2008"]
[Source "ChessBase"]
[SourceDate "2008.06.24"]
[SourceVersion "1"]
[SourceVersionDate "2008.06.24"]
[SourceQuality "1"]

1. e4 e6 2. d4 d5 3. Nc3 Nf6 4. Bg5 dxe4 5. Nxe4 Be7 6. Bxf6 gxf6 7. Nf3 a6 8. g3 b5 9. Bg2 Bb7 10. Qe2 Nd7 11. 0-0 0-0 12. Rfd1 f5 13. Ned2 c5 14. c4 cxd4 15. Nxd4 Bxg2 16. Kxg2 Bf6 17. N2f3 bxc4 18. Qxc4 Nb6 19. Qb3 Nd5 20. Rd2 Rb8 21. Qd3 Qc8 22. Rad1 Nb4 23. Qb1 Qb7 24. a3 Nd5 25. Qd3 Rfd8 26. Kg1 Rd6 27. Qe2 Kh8 28. Qe1 Rg8 29. Ne5 Rg7 30. Ndf3 Rd8 31. b4 Rc8 32. Rc1 Rcg8 33. Rdc2 h5 34. Rc4 Rh7 35. Qe2 h4 36. Kf1 hxg3 37. fxg3 f4 38. gxf4 a5 39. bxa5 Bxe5 40. Qxe5+ f6 41. Qxe6 Re7 1/2-1/2

[Event "IECG CM.2004.0.00257 email"]
[White "Richard, Phil"]
[Black "Pontikis, Asterios"]
[Site "IECG email"]
[Round "?"]
[Result "1/2-1/2"]
[Date "2004.10.10"]
[WhiteElo "2367"]
[BlackElo "2367"]
[PlyCount "37"]
[EventDate "2004.10.10"]
[EventType "tourn (corr)"]
[EventRounds "6"]
[SourceTitle "Corr 2008"]
[Source "ChessBase"]
[SourceDate "2008.06.24"]
[SourceVersion "1"]
[SourceVersionDate "2008.06.24"]
[SourceQuality "1"]

1. d4 Nf6 2. Nf3 g6 3. c4 Bg7 4. Nc3 0-0 5. e3 c5 6. Be2 cxd4 7. exd4 d5 8. 0-0 Nc6 9. Bf4 Bg4 10. h3 Bxf3 11. Bxf3 dxc4 12. Bxc6 bxc6 13. Be5 Nd5 14. Bxg7 Kxg7 15. Qe2 Rb8 16. Rab1 Qd6 17. Rfe1 Qb4 18. a3 Qb3 19. Nxd5 1/2-1/2

[Event "IECG CM.2004.0.00253 email"]
[White "Pontikis, Asterios"]
[Black "Sanner, Zdzislaw"]
[Site "IECG email"]
[Round "?"]
[Result "1-0"]
[Date "2004.08.24"]
[WhiteElo "2285"]
[BlackElo "2376"]
[PlyCount "63"]
[EventDate "2004.08.24"]
[EventType "tourn (corr)"]
[EventRounds "6"]
[SourceTitle "Corr 2008"]
[Source "ChessBase"]
[SourceDate "2008.06.24"]
[SourceVersion "1"]
[SourceVersionDate "2008.06.24"]
[SourceQuality "1"]

1. e4 e5 2. Nf3 Nc6 3. Bb5 a6 4. Ba4 Nf6 5. 0-0 Be7 6. Re1 b5 7. Bb3 0-0 8. a4 Bb7 9. d3 d6 10. Nbd2 Nd7 11. c3 Nc5 12. Bc2 Nxa4 13. Bxa4 bxa4 14. Qxa4 Kh8 15. Nc4 f5 16. Ne3 f4 17. Nd5 g5 18. h3 Qd7 19. Kf1 h5 20. Ke2 Kg7 21. Rg1 g4 22. Nh2 g3 23. fxg3 fxg3 24. Nf3 Bd8 25. Rf1 Bc8 26. Qc4 a5 27. Be3 Ba6 28. Qa2 Rf7 29. Ng5 Bxg5 30. Bxg5 Raf8 31. Bf6+ Rxf6 32. Nxf6 1-0

[Event "IECG CM.2004.0.00251 email"]
[White "Hrvacic, Pavle"]
[Black "Pontikis, Asterios"]
[Site "IECG email"]
[Round "?"]
[Result "1/2-1/2"]
[Date "2004.07.14"]
[WhiteElo "2231"]
[BlackElo "2285"]
[PlyCount "50"]
[EventDate "2004.07.14"]
[EventType "tourn (corr)"]
[EventRounds "6"]
[SourceTitle "Corr 2008"]
[Source "ChessBase"]
[SourceDate "2008.06.24"]
[SourceVersion "1"]
[SourceVersionDate "2008.06.24"]
[SourceQuality "1"]

1. e4 c5 2. c3 e6 3. d4 d5 4. exd5 exd5 5. Nf3 Nc6 6. Bb5 Bd6 7. dxc5 Bxc5 8. 0-0 Nge7 9. Nbd2 0-0 10. Nb3 Bd6 11. Re1 Bg4 12. Be2 Re8 13. Nfd4 Bxe2 14. Rxe2 Qd7 15. Nf3 h6 16. Be3 Rad8 17. Qd3 Ng6 18. Rae1 Nce5 19. Nxe5 Nxe5 20. Qd2 Nc4 21. Qd1 Nxe3 22. Rxe3 Rxe3 23. Rxe3 Qa4 24. a3 Bc7 25. Re1 Re8 1/2-1/2